Naruto Characters by Picture #2 - Statistics

General Stats
  • This quiz has been taken 319 times
  • The average score is 13 of 15
Answer Stats
Picture Answer % Correct
Pain / Nagato / Yahiko
100%
Sakura Haruno
98%
Tenten
95%
Might Guy
94%
Tobirama Senju
92%
Deidara
89%
Rin Nohara
88%
Hiruzen Sarutobi
87%
Kisame Hoshigaki
87%
Kushina Uzumaki
85%
Zabuza Momochi
85%
Kurenai Yuhi
81%
Haku
77%
Anko Mitarashi
63%
Izumi Uchiha
35%
No matching quizzes found
Score Distribution
Percent of People with Each Score
Percentile by Number Answered
Your Score History
You have not taken this quiz